[Event "Let's Play Chess!"]
[Site "http://www.queenalice.com/game.php?id=1255044"]
[Date "2014.2.9"]
[Round "-"]
[White "Nimzou"]
[Black "shadowmaster"]
[Result "1-0"]
[WhiteElo "1264"]
[BlackElo "1236"]

1. Nf3 d6 2. d4 Bg4 3. h3 Bxf3 4. gxf3 e5 5. Bg2 Nc6 6. c3 Nf6 7. d5 Ne7 8. O-O
Qd7 9. e4 O-O-O 10. b4 g6 11. Nd2 c6 12. Ba3 Bh6 13. Nc4 b5 14. Na5 cxd5 15. Rc1
Bxc1 16. Qxc1 d4 17. cxd4+ Qc7 18. Qxc7+ Kxc7 19. Rc1+ Kd7 20. h4 Ke8 21. Nb7
Rd7 22. Na5 exd4 23. Nc6 d3 24. Nxe7 d2 25. Rd1 Kxe7 26. Rxd2 Rc8 27. e5 Ne8 28.
f4 a5 29. bxa5 Ra8 30. exd6+ Nxd6 31. Bb4 Kd8 32. Bxa8 Kc7 33. a6 Rd8 34. Bg2
Nc4 35. Rxd8 Kxd8 36. a7 Nb6 37. Bc5 1-0

[Event "Challenge"]
[Site "http://www.queenalice.com/game.php?id=1255272"]
[Date "2014.2.10"]
[Round "-"]
[White "shadowmaster"]
[Black "AlexanderSantos"]
[Result "0-1"]
[WhiteElo "1210"]
[BlackElo "1284"]

1. d4 d5 2. c4 dxc4 3. Nc3 c6 4. e3 Nf6 5. Bxc4 Bg4 6. Nf3 e6 7. h3 Bxf3 8. Qxf3
Nbd7 9. O-O g6 10. a4 Bg7 11. b4 O-O 12. b5 Qa5 13. Bb2 Qc7 14. g3 c5 15. g4 Nb6
16. Ba3 Nxc4 17. Bxc5 Nd2 18. Qe2 Nxf1 0-1

[Event "AUTO-BEG-603"]
[Site "http://www.queenalice.com/game.php?id=1256842"]
[Date "2014.2.15"]
[Round "1"]
[White "sss"]
[Black "shadowmaster"]
[Result "1-0"]
[WhiteElo "1448"]
[BlackElo "1238"]

1. e4 e5 2. Nf3 f6 3. Bc4 c6 4. a4 Bd6 5. Bxg8 Rxg8 6. b3 c5 7. c4 Nc6 8. d3 Bc7
9. Bd2 Nd4 10. Nxd4 exd4 11. b4 cxb4 12. Bxb4 a5 13. Ba3 d6 14. Qh5+ g6 15. Qxh7
Be6 16. c5 d5 17. Nd2 f5 18. Nf3 g5 19. exd5 Bxd5 20. Qh5+ Kf8 21. c6+ Bd6 22.
Bxd6+ Qxd6 23. cxb7 Rb8 24. Nxd4 Rxb7 25. O-O Qb6 26. Nxf5 Bf7 27. Qe2 Bg6 28.
Qg4 Kf7 29. Nh6+ Kg7 30. Nxg8 Kxg8 31. Qxg5 Rh7 32. Qd5+ Bf7 33. Qg5+ Rg7 34.
Qe3 Qc7 35. Ra3 Rh7 36. Rc1 Qxh2+ 37. Kf1 Qh1+ 38. Ke2 Qxg2 39. Rc8+ Kg7 40.
Qe5+ 1-0

[Event "AUTO-BEG-603"]
[Site "http://www.queenalice.com/game.php?id=1256843"]
[Date "2014.2.15"]
[Round "1"]
[White "shadowmaster"]
[Black "sss"]
[Result "0-1"]
[WhiteElo "1236"]
[BlackElo "1276"]

1. d4 Nf6 2. Bg5 e6 3. c4 Bb4+ 4. Nc3 Bxc3+ 5. bxc3 b6 6. e3 h6 7. Bxf6 Qxf6 8.
Nf3 d6 9. Bd3 e5 10. O-O Bg4 11. Be4 c6 12. Qa4 O-O 13. Bb1 Bxf3 14. Qc2 Qg6 15.
d5 Qxg2# 0-1

[Event "Challenge"]
[Site "http://www.queenalice.com/game.php?id=1259840"]
[Date "2014.2.25"]
[Round "-"]
[White "jbugg"]
[Black "shadowmaster"]
[Result "0-1"]
[WhiteElo "1436"]
[BlackElo "1222"]

1. e4 Nc6 2. Nf3 e6 3. e5 d5 4. Bb5 a6 5. Bxc6+ bxc6 6. d4 c5 7. dxc5 Bxc5 8.
O-O a5 9. Bd2 c6 10. Qe1 f6 11. exf6 Nxf6 12. a4 Ba7 13. Ra3 Qd6 14. Re3 O-O 15.
Re2 Bb8 16. h3 Nh5 17. Bc3 Rxf3 18. gxf3 Qh2# 0-1

[Event "Challenge"]
[Site "http://www.queenalice.com/game.php?id=1265019"]
[Date "2014.3.14"]
[Round "-"]
[White "CalJedBuddy"]
[Black "shadowmaster"]
[Result "1-0"]
[WhiteElo "1292"]
[BlackElo "1230"]

1. e4 Nc6 2. d4 e6 3. Bb5 d5 4. Nc3 a6 5. Bxc6+ bxc6 6. Nf3 Nf6 7. Bg5 Be7 8.
Ne5 h6 9. Bxf6 Bxf6 10. Nxc6 Qd6 11. e5 1-0